000
00302nam a22001457a 4500
008
210310b ||||| |||| 00| 0 eng d
020
_a
0670876771
041
_a
eng
080
_a
32
082
_a
32
100
_a
21
101
_a
SHP
245
_a
One Nation,After All
_c
Wolfe,A
942
_2
udc
_c
BK
999
_c
56118
_d
56118